Statistics for Books by letter A

Click here to take the quiz!

General Stats

  • This quiz has been taken 63 times
  • The average score is 8 of 15

Answer Stats

CluesBook% Correct
The book tells the story of a group of farm animals who rebel against their human farmer, hoping to create a society where the animals can be equal, free, and happy.Animal Farm
97%
This book tells of a young girl named Alice falling through a rabbit hole into a subterranean fantasy world populated by peculiar, anthropomorphic creatures.Alice in Wonderland
93%
The plot of this novel centres on an extramarital affair between Anna and dashing cavalry officer Count Alexei Kirillovich Vronsky that scandalizes the social circles of Saint Petersburg.Anna Karenina
79%
Phileas Fogg of London and his newly employed French valet Passepartout attempt to circumnavigate the world in 80 days on a £20,000 wager.Around the World in 80 Days
78%
A story about a boy and a runaway slave floating down the Mississippi River.The Adventures of Huckleberry Finn
69%
Anne makes her way through life with the Cuthberts, in school, and within the town.Anne of Green Gables
66%
Robert, a symbologist, tries his best to stop a secret society from destroying Vatican City.Angels and Demons
57%
The story is told in the first person by Patrick Bateman, a serial killer and Manhattan investment banker.American Psycho
53%
An 1876 novel about a young boy growing up along the Mississippi River.The Adventures of Tom Sawyer
50%
This book describes the German soldiers' extreme physical and mental stress during the war, and the detachment from civilian life felt by many of these soldiers upon returning home from the front.All Quiet on the Western Front
41%
Set in WW2, an upper-class girl's half-innocent mistake ruins lives.Atonement
38%
The story of young Grace Marks, a poor Irish immigrant and domestic servant in Upper Canada who is accused and convicted of the 1843 murder of her employer and his housekeeper.Alias Grace
14%
The story of a young Nigerian woman, Ifemelu, who immigrates to the United States to attend university.Americanah
9%
A story about three families of the American South, with a focus on the life of Thomas Sutpen.Absalom, Absalom!
7%
The plot of this book centres on Edna Pontellier and her struggle between her increasingly unorthodox views on femininity and motherhood.The Awakening
7%

Score Distribution

Percentile by Number Answered

Percent of People with Each Score

Your Score History

You have not taken this quiz